000 00589nam a2200181Ia 4500
008 100920s9999 xx 000 0 und d
082 _b77397
_a891.43 न 01
100 _aकदम जयप्रकाश.
245 _aदलित साहित्य 1999.
260 _bअतिश प्रकाशन, दिल्ली.
_c2001
300 _a320
_bसाधी
365 _b300
520 _aहिंदी.
630 _aदलित साहित्य 1999.
650 _aहिंदी.
730 _aदलित साहित्य 1999.
942 _cBOOK
999 _c718686
_d718683